000 02155nam0a2200421 4500
001 RU\NLR\bibl\432228
005 20250622181112.0
010 _a5-7679-0263-1
_9100
021 _aRU
_b2003-31299
_91478
035 _a(NLR Aleph) 000426069
090 _a725207
_c725207
100 _a20030811d2001 |||y0rusy50 ca
101 0 _arus
102 _aRU
105 _aa |||||||||
200 1 _aРасчет процессов обработки металлов давлением с применением метода конечных элементов
_fЕ. М. Селедкин, А. В. Афанаскин, А. С. Пустовгар, А. Е. Гвоздев
_gМ-во образования Рос. Федерации, Тул. гос. ун-т и др.
210 _aТула
_cТулГУ
_d2001
215 _a96 с.
_cил.
_d21
300 _aВ надзаг. также: Федер. целевая программа "Интеграция", Ин-т металлургии и материаловедения им. А. А. Байкова РАН, Акад. проблем качества Рос. Федерации, Тул. науч.-технол. парк
320 _aБиблиогр.: с. 93-94
606 0 _aМеталлы
_xОбработка давлением
_xРасчет
_xКонечных элементов метод
_92314068
_3RU\NLR\auth\661384774
610 0 _aМеталлообработка давлением - Расчет
610 0 _aКонечных элементов метод
675 _a621.74
_v3
_zrus
686 _a55
_2rugasnti
686 _a34.62
_2rubbk
686 _aК62-1с115
701 1 _aСеледкин
_bЕ. М.
_gЕвгений Михайлович
_4070
701 1 _aАфанаскин
_bА. В.
_gАнатолий Васильевич
_4070
701 1 _aПустовгар
_bА. С.
_gАлександр Сергеевич
_4070
701 1 _aГвоздев
_bА. Е.
_gАлександр Евгеньевич
_4070
801 0 _aRU
_bRKP
_c20030811
_gPSBO
801 1 _aRU
_bRKP
_c20030811
801 2 _aRU
_bNLR
_c20040109
_grcr
942 _cBOOK
980 _aNB
980 _aNBR